Interpreting scripture with the great tradition : (Record no. 9337)
[ view plain ]
| 000 -LEADER | |
|---|---|
| fixed length control field | 02704cam a2200373 i 4500 |
| 001 - CONTROL NUMBER | |
| control field | 987796822 |
| 003 - CONTROL NUMBER IDENTIFIER | |
| control field | OCoLC |
| 005 - DATE AND TIME OF LATEST TRANSACTION | |
| control field | 20241126110710.0 |
| 008 - FIXED-LENGTH DATA ELEMENTS--GENERAL INFORMATION | |
| fixed length control field | 171024s2018 miu b 001 0 eng |
| 010 ## - | |
| -- | 2017050533 |
| 020 ## - INTERNATIONAL STANDARD BOOK NUMBER | |
| International Standard Book Number | 9780801098727 |
| Qualifying information | paperback ; |
| -- | alkaline paper |
| 020 ## - INTERNATIONAL STANDARD BOOK NUMBER | |
| International Standard Book Number | 0801098726 |
| Qualifying information | paperback ; |
| -- | alkaline paper |
| 024 8# - | |
| -- | 99976800246 |
| 035 ## - SYSTEM CONTROL NUMBER | |
| System control number | (OCoLC)987796822 |
| 040 ## - CATALOGING SOURCE | |
| Original cataloging agency | DLC |
| Language of cataloging | eng |
| Description conventions | rda |
| Transcribing agency | DLC |
| Modifying agency | OCLCO |
| -- | OCLCF |
| -- | OCLCQ |
| -- | WIO |
| -- | YDX |
| -- | OCLCO |
| -- | PAU |
| 042 ## - | |
| -- | pcc |
| 050 00 - | |
| -- | BS511.3 |
| -- | .C3775 2018 |
| 082 00 - DEWEY DECIMAL CLASSIFICATION NUMBER | |
| Classification number | 220.601 |
| Edition information | 23 |
| Item number | CAR |
| 092 ## - LOCALLY ASSIGNED DEWEY CALL NUMBER (OCLC) | |
| Classification number | 220.601 |
| Item number | C24i |
| 100 1# - MAIN ENTRY--PERSONAL NAME | |
| Personal name | Carter, Craig A., |
| Dates associated with a name | 1956- |
| Authority record control number or standard number | https://id.loc.gov/authorities/names/n2006065748 |
| Relator term | author. |
| 9 (RLIN) | 16274 |
| 245 10 - TITLE STATEMENT | |
| Title | Interpreting scripture with the great tradition : |
| Remainder of title | recovering the genius of premodern exegesis / |
| Statement of responsibility, etc. | Craig A. Carter. |
| 264 #1 - PRODUCTION, PUBLICATION, DISTRIBUTION, MANUFACTURE, AND COPYRIGHT NOTICE | |
| Place of production, publication, distribution, manufacture | Grand Rapids, Michigan : |
| Name of producer, publisher, distributor, manufacturer | Baker Academic, |
| Date of production, publication, distribution, manufacture, or copyright notice | [2018] |
| 300 ## - PHYSICAL DESCRIPTION | |
| Extent | xxiv, 279 pages ; |
| Dimensions | 23 cm |
| 336 ## - CONTENT TYPE | |
| Content type term | text |
| Content type code | txt |
| Source | rdacontent |
| 337 ## - MEDIA TYPE | |
| Media type term | unmediated |
| Media type code | n |
| Source | rdamedia |
| 338 ## - CARRIER TYPE | |
| Carrier type term | volume |
| Carrier type code | nc |
| Source | rdacarrier |
| 504 ## - BIBLIOGRAPHY, ETC. NOTE | |
| Bibliography, etc. note | Includes bibliographical references and index. |
| 505 0# - FORMATTED CONTENTS NOTE | |
| Formatted contents note | 1. Who is the suffering servant? : the crisis in contemporary hermeneutics -- Part 1. Theological Hermeneutics : -- 2. Toward a theology of Scripture -- 3. The theological metaphysics of the great tradition -- 4. The history of biblical interpretation reconsidered -- Part 2. Recovering Premodern Exegesis : -- 5. Reading the Bible as a unity centered on Jesus Christ -- 6. Letting the literal sense control all meaning -- 7. Seeing and hearing Christ in the Old Testament -- Conclusion : -- 8. The identity of the suffering servant revealed -- Appendix : Criteria for limiting the spiritual sense |
| 520 ## - SUMMARY, ETC. | |
| Summary, etc. | The rise of modernity, especially the European Enlightenment and its aftermath, has negatively impacted the way we understand the nature and interpretation of Christian Scripture. In this introduction to biblical interpretation, Craig Carter evaluates the problems of post-Enlightenment hermeneutics and offers an alternative approach: exegesis in harmony with the Great Tradition. Carter argues for the validity of patristic christological exegesis, showing that we must recover the Nicene theological tradition as the context for contemporary exegesis, and seeks to root both the nature and interpretation of Scripture firmly in trinitarian orthodoxy. |
| 630 00 - SUBJECT ADDED ENTRY--UNIFORM TITLE | |
| Uniform title | Bible |
| General subdivision | Criticism, interpretation, etc. |
| -- | History. |
| Authority record control number or standard number | https://id.loc.gov/authorities/subjects/sh85013621 |
| 9 (RLIN) | 1904 |
| 655 #7 - INDEX TERM--GENRE/FORM | |
| Genre/form data or focus term | Criticism, interpretation, etc. |
| Source of term | fast |
| Authority record control number or standard number | https://id.worldcat.org/fast/1411635 |
| 9 (RLIN) | 1372 |
| 655 #7 - INDEX TERM--GENRE/FORM | |
| Genre/form data or focus term | History. |
| Source of term | fast |
| Authority record control number or standard number | https://id.worldcat.org/fast/1411628 |
| 9 (RLIN) | 661 |
| 942 ## - ADDED ENTRY ELEMENTS (KOHA) | |
| Source of classification or shelving scheme | Dewey Decimal Classification |
| Koha item type | Books |
| Withdrawn status | Lost status | Source of classification or shelving scheme | Damaged status | Not for loan | Home library | Current Library | Shelving location | Date acquired | Total checkouts | Full call number | Barcode | Date last seen | Copy number | Price effective from | Koha item type |
|---|---|---|---|---|---|---|---|---|---|---|---|---|---|---|---|
| Dewey Decimal Classification | GRACE BIBLE COLLEGE | GRACE BIBLE COLLEGE | Biblical Studies | 2022-10-11 | 220.601 CAR | 015811 | 2025-05-01 | c.1 | 2022-10-11 | Books |